000 00337 a2200145 4500
003 Nust
005 20170207153428.0
040 _cNust
082 _a523
100 _aAbdul isalm
245 _aModern algebra and trigonomatery
260 _aLahore
_bPunjab text book board
_c1991
300 _a415
650 _aModern algebra and trigonomatery
942 _2ddc
_cBK
999 _c186004
_d186004